| 000 -LEADER |
| fixed length control field |
00891nam a22001817a 4500 |
| 005 - DATE AND TIME OF LATEST TRANSACTION |
| control field |
20231225141654.0 |
| 008 - FIXED-LENGTH DATA ELEMENTS--GENERAL INFORMATION |
| fixed length control field |
231225s1984 ru ||||| |||| 00| 0 rus d |
| 041 ## - LANGUAGE CODE |
| Language code of text/sound track or separate title |
rus |
| 080 ## - UNIVERSAL DECIMAL CLASSIFICATION NUMBER |
| Universal Decimal Classification number |
94(37+32):930 K-89 |
| 100 ## - MAIN ENTRY--PERSONAL NAME |
| Personal name |
Кузнецова, Т. И. |
| 9 (RLIN) |
20868 |
| 245 ## - TITLE STATEMENT |
| Title |
Античная эпическая историография : |
| Remainder of title |
Геродот, Тит Ливий / |
| Statement of responsibility, etc. |
Т.И. Кузнецова, Т.А. Миллер; Акад. наук СССР, Ин-т мировой лит. им. А. М. Горького. |
| 264 ## - PRODUCTION, PUBLICATION, DISTRIBUTION, MANUFACTURE, AND COPYRIGHT NOTICE |
| Place of production, publication, distribution, manufacture |
Москва : |
| Name of producer, publisher, distributor, manufacturer |
Наука, |
| Date of production, publication, distribution, manufacture, or copyright notice |
1984. |
| 300 ## - PHYSICAL DESCRIPTION |
| Extent |
210 c.; |
| Other physical details |
22 см. |
| 653 ## - INDEX TERM--UNCONTROLLED |
| keyword |
უძველესი ეპიკური ისტორიოგრაფია |
| 700 ## - ADDED ENTRY--PERSONAL NAME |
| Personal name |
Миллер, Т.А. |
| 9 (RLIN) |
20869 |
| 710 ## - ADDED ENTRY--CORPORATE NAME |
| Corporate name or jurisdiction name as entry element |
Акад. наук СССР |
| Date of meeting or treaty signing |
Ин-т мировой лит. им. А. М. Горького |
| 9 (RLIN) |
20870 |
| 942 ## - ADDED ENTRY ELEMENTS (KOHA) |
| Source of classification or shelving scheme |
|
| Koha item type |
წიგნი |